000 00440nam a2200169Ia 4500
003 GCL
008 140319s9999 xx 000 0 eng d
040 _aGCL /
_cGCL
082 0 4 _a668.1
_bF I
100 1 _aFLICK, ERNEST W.
245 1 0 _aINDUSTRIAL SURFACTANTS, 2nd ed /
_cFLICK, ERNEST W.
260 _a[S.N] :
_bTHOMES Y. GROWELL COMPANY ،
_c1993
300 _a683
650 0 4 _aSURFACE ACTIVE
650 0 4 _aAGENTS
942 _2ddc
_cBK
999 _c22855
_d22855